| 000 | 00410nam a2200169Ia 4500 | ||
|---|---|---|---|
| 008 | 230524s9999 xx 000 0 und d | ||
| 020 | _a8125914277 | ||
| 082 |
_a4.16 _bMOO |
||
| 100 | _aY L R Moorthi | ||
| 245 | 0 | _aBrand Management (The Indian Context) | |
| 250 | _aIST | ||
| 260 |
_aNEW DELHI _bVikas _c2010 |
||
| 300 | _aXVI;171 | ||
| 500 | _aQuantity Number: 2 | ||
| 650 | _aManagement | ||
| 942 | _cBK | ||
| 999 |
_c46887 _d46887 |
||